=LDR 00000nam 2200000 4500 =001 INLIS000000000000901 =005 20220625111012 =035 ##$$a 0010-1221000124 =245 1#$$a Penerapan Metode IPA (Importance Performance Analysis) Dalam Mengukur Tingkat Kepuasan Karyawan Terhadap Kinerja Perusahaan (Studi Kasus PT. Sukses Gatuga Timur) : $b Tugas Akhir /$c Irmayanti =100 #$$a IRMAYANTI =250 ##$$a 2021 =300 ##$$a xii, 43 halaman : $b Tabel, gambar ; $c 20,5x28,5 cm =856 ##$$a OPAC (Rak TA TIA 2021) =260 ##$$a Makassar :$b Politeknik ATI Makassar - Teknik Industri Agro,$c 2021 =082 ##$$a (R)2021 TA-TIA 818 =084 ##$$a (R)2021 TA-TIA 818 IRM p =650 #4$$a Tugas Akhir TIA 2021 =500 ##$$a Tugas Akhir TIA 2021 =008 220625################|##########|#|## =990 ##$$a 157/TA TIA 2021